[Event "XVI Calvia Amateur Open 2019"]
[Site "Calvia"]
[Date "2019.10.06"]
[Round "2.6"]
[White "Ermachenko, Manuel"]
[Black "Cramling Bellon, Anna"]
[Result "1-0"]
[WhiteElo "1968"]
[BlackElo "2164"]
[Annotator "ChessBase"]
[PlyCount "76"]
[EventDate "2019.10.05"]
[EventType "swiss"]
[EventCountry "ESP"]
[SourceTitle "playchess.com"]
[Source "ChessBase"]
[SourceQuality "1"]
[TimeControl "40/5400+30:900+30"]

1. e4 {[%emt 0:00:00]} e5 {[%emt 0:00:00]} 2. Nf3 {[%emt 0:00:00]} Nc6 {[%emt 0:00:00]} 3. Bb5 {[%emt 0:00:00]} Nf6 {[%emt 0:00:33]} 4. O-O {[%emt 0:00:00]} Nxe4 {[%emt 0:00:51]} 5. d4 {[%emt 0:00:00]} Nd6 {[%emt 0:00:42]} 6. dxe5 {[%emt 0:00:00]} Nxb5 {[%emt 0:14:53]} 7. a4 {[%emt 0:00:17]} Nbd4 {[%emt 0:21:27]} 8. Nxd4 {[%emt 0:00:07]} Nxd4 {[%emt 0:00:04]} 9. Qxd4 {[%emt 0:00:09]} d6 {[%emt 0:05:18]} 10. Bf4 {[%emt 0:13:42]} d5 {[%emt 0:12:51]} 11. c4 {[%emt 0:15:29]} dxc4 {[%emt 0:06:54]} 12. Qxc4 {[%emt 0:00:53]} c6 {[%emt 0:00:28]} 13. Nc3 {[%emt 0:01:33]} Be6 {[%emt 0:00:06]} 14. Qe4 {[%emt 0:03:07]} Be7 {[%emt 0:00:37]} 15. Rfd1 {[%emt 0:00:11]} Qa5 {[%emt 0:06:31]} 16. Qf3 {[%emt 0:26:25]} O-O {[%emt 0:01:54]} 17. Qg3 {[%emt 0:09:13]} Qb4 {[%emt 0:06:03]} 18. Re1 {[%emt 0:05:22]} Bf5 {[%emt 0:02:04]} 19. Re2 {[%emt 0:04:26]} Rad8 {[%emt 0:01:16]} 20. Rae1 {[%emt 0:01:06]} Rd4 {[%emt 0:07:16]} 21. Bg5 {[%emt 0:02:55]} Rg4 {[%emt 0:06:14]} 22. Bxe7 {[%emt 0:00:07]} Qxe7 {[%emt 0:00:02]} 23. Qf3 {[%emt 0:01:27]} Qg5 {[%emt 0:01:33]} 24. g3 {[%emt 0:01:44]} Rd8 {[%emt 0:03:07]} 25. Ne4 {[%emt 0:03:27]} Bxe4 {[%emt 0:00:06]} 26. Rxe4 {[%emt 0:00:04]} h5 {[%emt 0:01:27]} 27. e6 {[%emt 0:01:26]} fxe6 {[%emt 0:00:12]} 28. Rxe6 {[%emt 0:00:11]} Qd5 {[%emt 0:00:56]} 29. Qe3 {[%emt 0:04:31]} Rb4 {[%emt 0:00:28]} 30. Re5 {[%emt 0:01:15]} Qd2 {[%emt 0:00:32]} 31. Re8+ {[%emt 0:00:51]} Kh7 {[%emt 0:00:01]} 32. Qc5 {[%emt 0:01:02]} Rd5 {[%emt 0:00:56]} 33. Qf8 {[%emt 0:00:30]} Rd6 {[%emt 0:00:36]} 34. Qg8+ {[%emt 0:01:27]} Kg6 {[%emt 0:00:24]} 35. R8e6+ {[%emt 0:00:20]} Rxe6 {[%emt 0:00:15]} 36. Rxe6+ {[%emt 0:00:13]} Kf5 {[%emt 0:00:39]} 37. Qf7+ {[%emt 0:00:10]} Kg4 {[%emt 0:00:39]} 38. f3+ {[%emt 0:00:23]} Kg5 {[%emt 0:01:05]} 1-0

[Event "XVI Calvia Amateur Open 2019"]
[Site "Calvia"]
[Date "2019.10.07"]
[Round "3.1"]
[White "Scherer, Helmut"]
[Black "Amengual Perello, Jordi"]
[Result "1/2-1/2"]
[WhiteElo "2278"]
[BlackElo "2087"]
[Annotator "ChessBase"]
[PlyCount "52"]
[EventDate "2019.10.05"]
[EventType "swiss"]
[EventCountry "ESP"]
[SourceTitle "playchess.com"]
[Source "ChessBase"]
[SourceQuality "1"]
[TimeControl "40/5400+30:900+30"]

1. e4 {[%emt 0:00:00]} e6 {[%emt 0:00:00]} 2. d4 {[%emt 0:00:11]} d5 {[%emt 0:00:08]} 3. Nc3 {[%emt 0:00:42]} Nf6 {[%emt 0:00:32]} 4. Bg5 {[%emt 0:01:34]} dxe4 {[%emt 0:03:01]} 5. Nxe4 {[%emt 0:01:04]} Be7 {[%emt 0:01:01]} 6. Bxf6 {[%emt 0:07:24]} gxf6 {[%emt 0:00:38]} 7. Nf3 {[%emt 0:01:22]} f5 {[%emt 0:00:53]} 8. Nc3 {[%emt 0:01:32]} a6 {[%emt 0:01:32]} 9. Be2 {[%emt 0:07:07]} Nd7 {[%emt 0:07:24]} 10. Qd2 {[%emt 0:09:12]} b5 {[%emt 0:03:14]} 11. O-O {[%emt 0:10:41]} Bb7 {[%emt 0:02:40]} 12. Rad1 {[%emt 0:10:08]} O-O {[%emt 0:04:33]} 13. Qe3 {[%emt 0:02:37]} Nb6 {[%emt 0:06:16]} 14. Ne5 {[%emt 0:03:32]} b4 {[%emt 0:06:32]} 15. Nb1 {[%emt 0:01:28]} Nd5 {[%emt 0:00:34]} 16. Qb3 {[%emt 0:05:27]} Rb8 {[%emt 0:07:47]} 17. Bf3 {[%emt 0:02:29]} c5 {[%emt 0:04:27]} 18. dxc5 {[%emt 0:09:31]} Bxc5 {[%emt 0:01:33]} 19. Nd2 {[%emt 0:00:51]} a5 {[%emt 0:07:50]} 20. Ndc4 {[%emt 0:08:28]} Ra8 {[%emt 0:20:58]} 21. a4 {[%emt 0:02:11]} Qe7 {[%emt 0:01:01]} 22. Rfe1 {[%emt 0:01:09]} Rfd8 {[%emt 0:01:48]} 23. Nd3 {[%emt 0:02:14]} Bd4 {[%emt 0:05:01]} 24. Nde5 {[%emt 0:01:30]} Bc5 {[%emt 0:00:22]} 25. Nd3 {[%emt 0:01:38]} Bd4 {[%emt 0:00:11]} 26. Nde5 {[%emt 0:01:22]} Bc5 {[%emt 0:00:10]} 1/2-1/2

[Event "XVI Calvia Amateur Open 2019"]
[Site "Calvia"]
[Date "2019.10.07"]
[Round "3.2"]
[White "Guski, Dietmar"]
[Black "Massanet Massanet, Sebastian"]
[Result "1/2-1/2"]
[WhiteElo "2052"]
[BlackElo "2252"]
[Annotator "ChessBase"]
[PlyCount "166"]
[EventDate "2019.10.05"]
[EventType "swiss"]
[EventCountry "ESP"]
[SourceTitle "playchess.com"]
[Source "ChessBase"]
[SourceQuality "1"]
[TimeControl "40/5400+30:900+30"]

1. e4 {[%emt 0:00:00]} e6 {[%emt 0:06:22]} 2. d4 {[%emt 0:00:00]} d5 {[%emt 0:00:05]} 3. Nc3 {[%emt 0:00:00]} Nf6 {[%emt 0:00:11]} 4. Bg5 {[%emt 0:00:11]} Be7 {[%emt 0:02:36]} 5. e5 {[%emt 0:00:54]} Nfd7 {[%emt 0:00:16]} 6. h4 {[%emt 0:00:38]} Bxg5 {[%emt 0:00:50]} 7. hxg5 {[%emt 0:00:22]} Qxg5 {[%emt 0:00:07]} 8. Nh3 {[%emt 0:00:44]} Qe7 {[%emt 0:00:27]} 9. Qg4 {[%emt 0:10:10]} g6 {[%emt 0:00:54]} 10. Nf4 {[%emt 0:02:00]} Nc6 {[%emt 0:02:05]} 11. O-O-O {[%emt 0:01:26]} h5 {[%emt 0:02:43]} 12. Qg3 {[%emt 0:05:20]} Nb6 {[%emt 0:01:44]} 13. Bb5 {[%emt 0:07:46]} Bd7 {[%emt 0:02:20]} 14. Bxc6 {[%emt 0:09:41]} Bxc6 {[%emt 0:00:32]} 15. Nd3 {[%emt 0:01:12]} Nc4 {[%emt 0:02:50]} 16. f4 {[%emt 0:05:27]} O-O-O {[%emt 0:00:25]} 17. Qf2 {[%emt 0:01:22]} b6 {[%emt 0:03:23]} 18. Rh3 {[%emt 0:04:21]} Bb7 {[%emt 0:03:47]} 19. Rdh1 {[%emt 0:01:17]} Rhg8 {[%emt 0:02:01]} 20. Rh4 {[%emt 0:01:41]} Ba6 {[%emt 0:03:47]} 21. g4 {[%emt 0:02:32]} hxg4 {[%emt 0:00:26]} 22. Rxg4 {[%emt 0:00:05]} Na5 {[%emt 0:01:16]} 23. Rg3 {[%emt 0:04:14]} Bxd3 {[%emt 0:05:10]} 24. Rxd3 {[%emt 0:01:02]} Rdf8 {[%emt 0:09:23]} 25. Rh7 {[%emt 0:07:41]} Nc6 {[%emt 0:04:42]} 26. a3 {[%emt 0:03:25]} Qe8 {[%emt 0:03:50]} 27. Rdh3 {[%emt 0:18:44]} Ne7 {[%emt 0:01:59]} 28. Nd1 {[%emt 0:00:44]} g5 {[%emt 0:08:01]} 29. Ne3 {[%emt 0:02:25]} gxf4 {[%emt 0:03:47]} 30. Qxf4 {[%emt 0:00:33]} Rg1+ {[%emt 0:01:09]} 31. Kd2 {[%emt 0:01:39]} Qa4 {[%emt 0:02:36]} 32. Rxf7 {[%emt 0:05:10]} Rxf7 {[%emt 0:00:29]} 33. Qxf7 {[%emt 0:00:03]} Qxd4+ {[%emt 0:00:58]} 34. Ke2 {[%emt 0:00:07]} Ng6 {[%emt 0:05:21]} 35. Qxe6+ {[%emt 0:01:46]} Kb8 {[%emt 0:06:17]} 36. Qg8+ {[%emt 0:00:21]} Kb7 {[%emt 0:00:09]} 37. Qxd5+ {[%emt 0:00:14]} Qxd5 {[%emt 0:00:06]} 38. Nxd5 {[%emt 0:00:06]} Rg5 {[%emt 0:03:11]} 39. Re3 {[%emt 0:01:45]} Nxe5 {[%emt 0:00:18]} 40. Nf4 {[%emt 0:00:00]} Nc4 {[%emt 0:00:00]} 41. Re7 {[%emt 0:12:03]} Nxb2 {[%emt 0:10:12]} 42. Rxc7+ {[%emt 0:00:00]} Kxc7 {[%emt 0:01:15]} 43. Ne6+ {[%emt 0:00:00]} Kc6 {[%emt 0:00:25]} 44. Nxg5 {[%emt 0:00:00]} Kd5 {[%emt 0:03:27]} 45. Kd2 {[%emt 0:00:00]} Nc4+ {[%emt 0:00:10]} 46. Kc3 {[%emt 0:00:00]} Nxa3 {[%emt 0:00:26]} 47. Kb3 {[%emt 0:00:00]} Nc4 {[%emt 0:00:37]} 48. Nf3 {[%emt 0:01:20]} a5 {[%emt 0:01:37]} 49. Ne1 {[%emt 0:00:46]} b5 {[%emt 0:02:54]} 50. Nd3 {[%emt 0:01:31]} Kd4 {[%emt 0:02:57]} 51. Nf4 {[%emt 0:01:03]} Nd2+ {[%emt 0:00:36]} 52. Kb2 {[%emt 0:00:31]} Kc4 {[%emt 0:00:36]} 53. Nd3 {[%emt 0:00:40]} Nf3 {[%emt 0:00:54]} 54. Nc1 {[%emt 0:00:25]} a4 {[%emt 0:00:56]} 55. Nd3 {[%emt 0:02:12]} b4 {[%emt 0:01:10]} 56. Nf4 {[%emt 0:00:22]} Ne1 {[%emt 0:02:25]} 57. Ne2 {[%emt 0:00:36]} a3+ {[%emt 0:02:15]} 58. Kb1 {[%emt 0:00:19]} Kb5 {[%emt 0:02:49]} 59. Nd4+ {[%emt 0:00:54]} Ka4 {[%emt 0:00:33]} 60. Nb3 {[%emt 0:00:26]} Nf3 {[%emt 0:00:43]} 61. Nc5+ {[%emt 0:01:26]} Kb5 {[%emt 0:00:11]} 62. Nb3 {[%emt 0:01:01]} Kc4 {[%emt 0:00:16]} 63. Nc1 {[%emt 0:01:09]} Nd2+ {[%emt 0:01:36]} 64. Ka1 {[%emt 0:00:11]} Nf3 {[%emt 0:00:48]} 65. Kb1 {[%emt 0:00:13]} Nd4 {[%emt 0:00:18]} 66. Na2 {[%emt 0:01:04]} Nb5 {[%emt 0:00:39]} 67. Nc1 {[%emt 0:00:08]} Nc3+ {[%emt 0:00:31]} 68. Ka1 {[%emt 0:00:06]} Na4 {[%emt 0:00:34]} 69. Ne2 {[%emt 0:00:19]} Nc5 {[%emt 0:00:33]} 70. Ka2 {[%emt 0:00:17]} Ne4 {[%emt 0:00:11]} 71. Ka1 {[%emt 0:00:13]} Ng5 {[%emt 0:00:44]} 72. Ka2 {[%emt 0:00:21]} Ne4 {[%emt 0:00:23]} 73. Ka1 {[%emt 0:00:09]} Nc3 {[%emt 0:00:34]} 74. Nc1 {[%emt 0:00:18]} Nd5 {[%emt 0:00:32]} 75. Ne2 {[%emt 0:00:15]} Ne3 {[%emt 0:00:30]} 76. Kb1 {[%emt 0:00:11]} Kd5 {[%emt 0:00:29]} 77. Nc1 {[%emt 0:00:35]} Kd4 {[%emt 0:00:36]} 78. Ne2+ {[%emt 0:00:19]} Ke4 {[%emt 0:00:09]} 79. Nc1 {[%emt 0:00:09]} Kf3 {[%emt 0:00:51]} 80. Nd3 {[%emt 0:00:17]} Nd5 {[%emt 0:00:21]} 81. Ka2 {[%emt 0:00:33]} Ke3 {[%emt 0:00:16]} 82. Nxb4 {[%emt 0:00:24]} Nxb4+ {[%emt 0:00:06]} 83. Kxa3 {[%emt 0:00:05]} Nxc2+ {[%emt 0:00:05]} 1/2-1/2

[Event "XVI Calvia Amateur Open 2019"]
[Site "Calvia"]
[Date "2019.10.07"]
[Round "3.3"]
[White "Tscharotschkin, Michael"]
[Black "Planas Gene, Juan"]
[Result "1-0"]
[WhiteElo "2198"]
[BlackElo "2028"]
[Annotator "ChessBase"]
[PlyCount "63"]
[EventDate "2019.10.05"]
[EventType "swiss"]
[EventCountry "ESP"]
[SourceTitle "playchess.com"]
[Source "ChessBase"]
[SourceQuality "1"]
[TimeControl "40/5400+30:900+30"]

1. d4 {[%emt 0:00:00]} Nf6 {[%emt 0:00:00]} 2. Bf4 {[%emt 0:00:00]} d5 {[%emt 0:00:52]} 3. e3 {[%emt 0:00:00]} e6 {[%emt 0:00:27]} 4. Nd2 {[%emt 0:00:49]} Bd6 {[%emt 0:00:23]} 5. Bg3 {[%emt 0:00:16]} c5 {[%emt 0:00:14]} 6. c3 {[%emt 0:00:10]} Nc6 {[%emt 0:00:44]} 7. Ngf3 {[%emt 0:00:59]} O-O {[%emt 0:09:26]} 8. Bd3 {[%emt 0:00:51]} b6 {[%emt 0:03:11]} 9. Ne5 {[%emt 0:01:26]} Bb7 {[%emt 0:05:07]} 10. f4 {[%emt 0:02:34]} Ne7 {[%emt 0:02:31]} 11. Qf3 {[%emt 0:02:13]} Ne8 {[%emt 0:05:41]} 12. Bh4 {[%emt 0:07:09]} f6 {[%emt 0:03:54]} 13. Qh3 {[%emt 0:01:13]} Bc8 {[%emt 0:11:39]} 14. Bxh7+ {[%emt 0:07:47]} Kxh7 {[%emt 0:01:33]} 15. Bxf6+ {[%emt 0:03:23]} Kg8 {[%emt 0:01:28]} 16. Bxe7 {[%emt 0:01:47]} Bxe7 {[%emt 0:03:09]} 17. Ng6 {[%emt 0:02:10]} Nf6 {[%emt 0:14:44]} 18. Qh8+ {[%emt 0:02:17]} Kf7 {[%emt 0:01:18]} 19. Ne5+ {[%emt 0:00:58]} Ke8 {[%emt 0:00:41]} 20. Qxg7 {[%emt 0:00:20]} Qc7 {[%emt 0:03:45]} 21. Ndf3 {[%emt 0:04:12]} Bd7 {[%emt 0:05:06]} 22. Ng6 {[%emt 0:03:37]} Rf7 {[%emt 0:09:42]} 23. Qh8+ {[%emt 0:00:23]} Bf8 {[%emt 0:00:30]} 24. Nfe5 {[%emt 0:00:49]} Qd6 {[%emt 0:03:41]} 25. Nxf7 {[%emt 0:05:29]} Kxf7 {[%emt 0:00:08]} 26. Ne5+ {[%emt 0:00:45]} Ke7 {[%emt 0:00:47]} 27. O-O {[%emt 0:01:20]} Be8 {[%emt 0:06:30]} 28. Rf3 {[%emt 0:04:26]} Nd7 {[%emt 0:05:56]} 29. Qh4+ {[%emt 0:01:01]} Nf6 {[%emt 0:00:01]} 30. Rg3 {[%emt 0:03:36]} Qd8 {[%emt 0:01:19]} 31. Rg8 {[%emt 0:02:37]} Bf7 {[%emt 0:00:29]} 32. Nc6+ {[%emt 0:00:28]} 1-0

[Event "XVI Calvia Amateur Open 2019"]
[Site "Calvia"]
[Date "2019.10.07"]
[Round "3.4"]
[White "Gavrish, Leonid"]
[Black "Hutchinson, Paul A"]
[Result "1-0"]
[WhiteElo "2034"]
[BlackElo "2139"]
[Annotator "ChessBase"]
[PlyCount "97"]
[EventDate "2019.10.05"]
[EventType "swiss"]
[EventCountry "ESP"]
[SourceTitle "playchess.com"]
[Source "ChessBase"]
[SourceQuality "1"]
[TimeControl "40/5400+30:900+30"]

1. d4 {[%emt 0:00:00]} d5 {[%emt 0:00:00]} 2. c4 {[%emt 0:00:00]} c6 {[%emt 0:00:00]} 3. cxd5 {[%emt 0:00:00]} cxd5 {[%emt 0:00:00]} 4. Nc3 {[%emt 0:00:00]} Nf6 {[%emt 0:00:03]} 5. Bf4 {[%emt 0:00:00]} a6 {[%emt 0:01:10]} 6. e3 {[%emt 0:00:10]} Nc6 {[%emt 0:00:05]} 7. Bd3 {[%emt 0:00:08]} e6 {[%emt 0:01:30]} 8. Nf3 {[%emt 0:00:19]} Be7 {[%emt 0:02:00]} 9. Rc1 {[%emt 0:00:28]} Nh5 {[%emt 0:01:44]} 10. Be5 {[%emt 0:03:08]} Nxe5 {[%emt 0:11:14]} 11. Nxe5 {[%emt 0:08:03]} Nf6 {[%emt 0:00:21]} 12. O-O {[%emt 0:01:27]} O-O {[%emt 0:08:26]} 13. f4 {[%emt 0:01:12]} g6 {[%emt 0:10:13]} 14. h4 {[%emt 0:13:42]} Bd6 {[%emt 0:09:30]} 15. g4 {[%emt 0:04:52]} Ne8 {[%emt 0:19:30]} 16. h5 {[%emt 0:08:21]} Qh4 {[%emt 0:06:50]} 17. Kg2 {[%emt 0:04:26]} Qe7 {[%emt 0:10:24]} 18. hxg6 {[%emt 0:09:07]} fxg6 {[%emt 0:00:32]} 19. Ne2 {[%emt 0:09:08]} Bd7 {[%emt 0:00:58]} 20. Rh1 {[%emt 0:03:28]} Nf6 {[%emt 0:00:59]} 21. g5 {[%emt 0:10:29]} Bxe5 {[%emt 0:05:04]} 22. dxe5 {[%emt 0:02:39]} Ng4 {[%emt 0:02:00]} 23. Rh3 {[%emt 0:00:23]} Nxe5 {[%emt 0:00:53]} 24. fxe5 {[%emt 0:00:39]} Qxg5+ {[%emt 0:00:09]} 25. Rg3 {[%emt 0:00:25]} Qxe5 {[%emt 0:00:05]} 26. Nd4 {[%emt 0:01:48]} Rf6 {[%emt 0:00:16]} 27. Qb3 {[%emt 0:04:00]} Raf8 {[%emt 0:00:21]} 28. Rc2 {[%emt 0:00:02]} Qd6 {[%emt 0:01:57]} 29. Rf3 {[%emt 0:04:44]} Qe5 {[%emt 0:02:25]} 30. Qxb7 {[%emt 0:01:34]} R8f7 {[%emt 0:03:10]} 31. Qc7 {[%emt 0:03:16]} Qh5 {[%emt 0:01:10]} 32. Rxf6 {[%emt 0:02:09]} Rxf6 {[%emt 0:00:37]} 33. Qg3 {[%emt 0:02:43]} e5 {[%emt 0:00:10]} 34. Be2 {[%emt 0:00:35]} Bh3+ {[%emt 0:01:48]} 35. Qxh3 {[%emt 0:00:54]} Rf2+ {[%emt 0:01:24]} 36. Kg3 {[%emt 0:00:30]} Qxh3+ {[%emt 0:00:05]} 37. Kxh3 {[%emt 0:00:10]} exd4 {[%emt 0:00:11]} 38. exd4 {[%emt 0:00:12]} Kg7 {[%emt 0:00:24]} 39. Kg3 {[%emt 0:00:37]} Rf6 {[%emt 0:00:03]} 40. Rc7+ {[%emt 0:00:00]} Kh6 {[%emt 0:00:00]} 41. Bf3 {[%emt 0:02:12]} Re6 {[%emt 0:01:21]} 42. Rc5 {[%emt 0:01:21]} g5 {[%emt 0:00:24]} 43. Rxd5 {[%emt 0:01:08]} Kg6 {[%emt 0:00:10]} 44. Rc5 {[%emt 0:00:42]} h5 {[%emt 0:02:03]} 45. Rc6 {[%emt 0:00:12]} Rxc6 {[%emt 0:00:14]} 46. Bxc6 {[%emt 0:00:07]} Kf5 {[%emt 0:00:04]} 47. b4 {[%emt 0:00:42]} h4+ {[%emt 0:00:46]} 48. Kh3 {[%emt 0:00:10]} Kf4 {[%emt 0:00:26]} 49. Bb7 {[%emt 0:00:23]} 1-0

[Event "XVI Calvia Amateur Open 2019"]
[Site "Calvia"]
[Date "2019.10.07"]
[Round "3.5"]
[White "Burdik, Lubomir"]
[Black "Ermachenko, Manuel"]
[Result "0-1"]
[WhiteElo "2132"]
[BlackElo "1968"]
[Annotator "ChessBase"]
[PlyCount "48"]
[EventDate "2019.10.05"]
[EventType "swiss"]
[EventCountry "ESP"]
[SourceTitle "playchess.com"]
[Source "ChessBase"]
[SourceQuality "1"]
[TimeControl "40/5400+30:900+30"]

1. Nf3 {[%emt 0:00:00]} Nf6 {[%emt 0:00:00]} 2. c4 {[%emt 0:00:00]} g6 {[%emt 0:00:02]} 3. Nc3 {[%emt 0:00:00]} d5 {[%emt 0:01:02]} 4. d4 {[%emt 0:01:58]} Bg7 {[%emt 0:00:16]} 5. Bg5 {[%emt 0:00:35]} Ne4 {[%emt 0:00:54]} 6. Bf4 {[%emt 0:00:19]} Nxc3 {[%emt 0:01:58]} 7. bxc3 {[%emt 0:00:07]} O-O {[%emt 0:01:45]} 8. e3 {[%emt 0:00:26]} c5 {[%emt 0:00:57]} 9. Qb3 {[%emt 0:06:35]} dxc4 {[%emt 0:01:43]} 10. Bxc4 {[%emt 0:00:13]} cxd4 {[%emt 0:00:37]} 11. cxd4 {[%emt 0:04:45]} Qa5+ {[%emt 0:03:39]} 12. Ke2 {[%emt 0:02:08]} Nc6 {[%emt 0:04:45]} 13. Rhd1 {[%emt 0:16:59]} Qh5 {[%emt 0:18:51]} 14. Qb5 {[%emt 0:02:49]} e5 {[%emt 0:05:13]} 15. dxe5 {[%emt 0:01:58]} Bg4 {[%emt 0:09:52]} 16. Rac1 {[%emt 0:13:17]} Bxe5 {[%emt 0:16:03]} 17. Rd5 {[%emt 0:02:54]} Rae8 {[%emt 0:05:21]} 18. Rcd1 {[%emt 0:08:20]} Re7 {[%emt 0:05:23]} 19. Rc5 {[%emt 0:09:43]} Qf5 {[%emt 0:04:50]} 20. h3 {[%emt 0:07:19]} Bxf3+ {[%emt 0:00:58]} 21. gxf3 {[%emt 0:00:06]} Qc2+ {[%emt 0:00:37]} 22. Rd2 {[%emt 0:00:48]} Nd4+ {[%emt 0:00:27]} 23. Kf1 {[%emt 0:03:40]} Qc1+ {[%emt 0:01:09]} 24. Kg2 {[%emt 0:00:13]} Nxb5 {[%emt 0:05:16]} 0-1

[Event "XVI Calvia Amateur Open 2019"]
[Site "Calvia"]
[Date "2019.10.07"]
[Round "3.6"]
[White "Romero Leon, Antonio"]
[Black "Voiteanu, Gabriel"]
[Result "0-1"]
[WhiteElo "2015"]
[BlackElo "2119"]
[Annotator "ChessBase"]
[PlyCount "79"]
[EventDate "2019.10.05"]
[EventType "swiss"]
[EventCountry "ESP"]
[SourceTitle "playchess.com"]
[Source "ChessBase"]
[SourceQuality "1"]
[TimeControl "40/5400+30:900+30"]

1. e4 {[%emt 0:02:28]} e5 {[%emt 0:00:00]} 2. Nf3 {[%emt 0:00:13]} Nc6 {[%emt 0:00:00]} 3. Bb5 {[%emt 0:00:34]} a6 {[%emt 0:00:00]} 4. Bxc6 {[%emt 0:00:31]} dxc6 {[%emt 0:00:11]} 5. O-O {[%emt 0:00:29]} f6 {[%emt 0:05:32]} 6. d3 {[%emt 0:06:13]} Bg4 {[%emt 0:03:12]} 7. Be3 {[%emt 0:00:44]} c5 {[%emt 0:04:02]} 8. Nbd2 {[%emt 0:00:27]} Bd6 {[%emt 0:03:56]} 9. h3 {[%emt 0:04:03]} Bh5 {[%emt 0:01:09]} 10. Re1 {[%emt 0:00:49]} Ne7 {[%emt 0:01:34]} 11. Nf1 {[%emt 0:00:40]} O-O {[%emt 0:11:36]} 12. Ng3 {[%emt 0:00:26]} Bf7 {[%emt 0:00:35]} 13. Qd2 {[%emt 0:04:19]} c4 {[%emt 0:06:13]} 14. dxc4 {[%emt 0:02:05]} Bxc4 {[%emt 0:00:50]} 15. b3 {[%emt 0:01:26]} Be6 {[%emt 0:01:24]} 16. c4 {[%emt 0:00:38]} b6 {[%emt 0:07:34]} 17. Red1 {[%emt 0:01:09]} Qb8 {[%emt 0:01:36]} 18. Qc3 {[%emt 0:10:13]} c5 {[%emt 0:06:43]} 19. Nh4 {[%emt 0:04:39]} g6 {[%emt 0:06:53]} 20. Bh6 {[%emt 0:01:39]} Rf7 {[%emt 0:06:25]} 21. Qd2 {[%emt 0:04:36]} Bc7 {[%emt 0:00:50]} 22. Nf1 {[%emt 0:05:16]} Nc6 {[%emt 0:13:57]} 23. Ne3 {[%emt 0:00:32]} Nd4 {[%emt 0:00:40]} 24. Nc2 {[%emt 0:09:52]} b5 {[%emt 0:08:53]} 25. Nxd4 {[%emt 0:01:41]} exd4 {[%emt 0:01:55]} 26. cxb5 {[%emt 0:00:20]} axb5 {[%emt 0:00:07]} 27. Rac1 {[%emt 0:00:44]} c4 {[%emt 0:02:41]} 28. bxc4 {[%emt 0:01:19]} bxc4 {[%emt 0:00:45]} 29. Qxd4 {[%emt 0:01:19]} Rxa2 {[%emt 0:00:18]} 30. Rb1 {[%emt 0:06:29]} Qe8 {[%emt 0:00:51]} 31. Nf3 {[%emt 0:02:22]} Ra8 {[%emt 0:02:59]} 32. Qc3 {[%emt 0:07:14]} Rd8 {[%emt 0:01:14]} 33. Rxd8 {[%emt 0:01:01]} Qxd8 {[%emt 0:00:04]} 34. g3 {[%emt 0:07:00]} Rd7 {[%emt 0:00:30]} 35. Kg2 {[%emt 0:00:51]} Rd3 {[%emt 0:00:22]} 36. Qc2 {[%emt 0:00:38]} g5 {[%emt 0:00:51]} 37. g4 {[%emt 0:00:34]} Qd6 {[%emt 0:00:59]} 38. Re1 {[%emt 0:02:05]} Qf4 {[%emt 0:00:33]} 39. Qe2 {[%emt 0:00:35]} Bxg4 {[%emt 0:00:24]} 40. Kg1 {[%emt 0:01:43]} 0-1

[Event "XVI Calvia Amateur Open 2019"]
[Site "Calvia"]
[Date "2019.10.08"]
[Round "4.1"]
[White "Voiteanu, Gabriel"]
[Black "Tscharotschkin, Michael"]
[Result "1-0"]
[WhiteElo "2119"]
[BlackElo "2198"]
[Annotator "TA"]
[PlyCount "105"]
[EventDate "2019.10.05"]
[EventType "swiss"]
[EventCountry "ESP"]
[SourceTitle "playchess.com"]
[Source "ChessBase"]
[SourceQuality "1"]

{[%evp 12,105,72,64,66,60,87,66,75,33,46,52,56,47,62,58,116,124,108,87,81,78,80,75,122,138,131,127,129,122,200,189,230,246,259,258,230,241,237,236,237,230,230,236,306,240,397,410,408,400,395,403,396,447,437,422,643,634,601,0,467,400,457,447,419,416,410,391,404,361,529,535,710,499,694,568,530,547,541,542,566,556,503,529,543,525,877,650,639,643,29971,29967,29974,29974,29974,29974]} 1. d4 d5 2. Nf3 c6 3. c4 e6 4. Nc3 f5 5. Bf4 Nf6 6. e3 Bd6 7. Bd3 O-O {A84: Dutch Defence: 2 c4 Miscellaneous} 8. Qc2 Na6 (8... Ne4 9. O-O Bxf4 10. exf4 Nd7 11. Rac1 h6 12. b4 a6 13. c5 g5 14. Ne2 Qf6 15. Rce1 {1-0 (32) Svane,R (2581)-Jugelt,T (2431) Apolda 2017}) 9. a3 b6 $146 {White is slightly better.} ({Predecessor:} 9... Nc7 10. Bxd6 Qxd6 11. O-O Ne4 12. b4 Ne8 13. Ne5 Nxc3 14. Qxc3 Nf6 15. Rac1 {1-0 (32) Sabria Batlle,P (2281)-Moles Fuentes,J (1991) Gerunda 2018}) 10. Qa4 Bxf4 11. exf4 dxc4 12. Qxc4 Qd6 13. Ne5 Nd5 (13... Nc7 $14) 14. Nxd5 $16 ({Of course not} 14. Qxc6 Qxc6 15. Nxc6 Nxf4 $15) 14... cxd5 15. Qc6 (15. Qa4 {is interesting.} Nc7 16. Qb4 Ne8 17. O-O Bb7 18. Rfc1) 15... Qxc6 16. Nxc6 {[#] aiming for Ne7+.} Nb8 17. Ne5 $36 {[%mdl 2048] Black is under strong pressure.} Ba6 18. Kd2 Bxd3 19. Kxd3 ({Much worse is} 19. Nxd3 $6 Nc6 $11) 19... Na6 20. Rhc1 Rac8 (20... Rfc8 $16 {was worth a try.}) 21. b4 Nb8 22. b5 Rfe8 23. a4 a5 {[#]} 24. bxa6 $1 Nxa6 25. Rxc8 Rxc8 $18 {[%mdl 4096] Endgame KRN-KRN} 26. Rb1 Rb8 27. Nd7 Rb7 28. Rxb6 Rxb6 $2 (28... Rxd7 {was called for.} 29. Rxa6 Kf7) 29. Nxb6 {KN-KN} Kf7 30. Nd7 Ke7 31. Nc5 Nb4+ 32. Kc3 Nc6 33. Nd3 Nb8 (33... Kd6 $142 34. Ne5 Ne7) 34. Kb4 Nc6+ 35. Kc3 Nb8 $1 36. Ne5 Na6 37. a5 Kd6 38. Nd3 Nb8 39. Nc5 Nc6 40. a6 Na7 (40... g6 {might work better.} 41. g3 h6) 41. Kb4 Nc6+ 42. Ka4 g6 {and the idea ...Kc7 leaves Black hopeful.} 43. Nb3 Na7 44. Ka5 Kc7 45. f3 Nc6+ 46. Kb5 Na7+ 47. Kc5 Nc6 48. g4 Nb8 49. a7 Nd7+ 50. Kb5 Kb7 51. Nc5+ {White mates.} Nxc5 52. Kxc5 ({Stronger than} 52. dxc5 Kxa7 53. g5 Kb7 $11) 52... Kxa7 53. Kd6 {Accuracy: White = 87%, Black = 42%.} 1-0